[Event "Kings Tournament ROU-CHN 2014"]
[Site "Bazna ROU"]
[Date "2014.11.23"]
[Round "1.1"]
[White "Lu, Shanglei"]
[Black "Lupulescu, Constantin"]
[Result "1/2-1/2"]
[WhiteTitle "GM"]
[BlackTitle "GM"]
[WhiteElo "2566"]
[BlackElo "2643"]
[WhiteTeam "CHN"]
[BlackTeam "ROU"]
[WhiteFideId "8603332"]
[BlackFideId "1207822"]
[EventDate "2014.11.23"]

1. e4 e6 2. d4 d5 3. Nd2 c5 4. Ngf3 cxd4 5. exd5 Qxd5 6. Bc4 Qd6 7. O-O Nf6 8.
Nb3 Nc6 9. Nbxd4 Nxd4 10. Nxd4 a6 11. Re1 Qc7 12. Bb3 Bd6 13. Nf5 Bxh2+ 14. Kh1
O-O 15. Nxg7 Rd8 16. Qf3 Kxg7 17. Bh6+ Kg6 18. c3 Nh5 19. Bc1 Bf4 20. g4 Ng3+
21. fxg3 Bxc1 22. Raxc1 b6 23. Bc2+ Kg7 24. Be4 Ra7 25. Rc2 Bb7 26. Rh2 Bxe4 27.
Qxe4 Qb7 28. Rxh7+ Kg8 29. Qxb7 Rxb7 30. Rh2 Rd3 31. Kg2 Rbd7 32. Re2 Kg7 33.
Kh3 Rd1 34. Rhf2 Rh1+ 35. Kg2 Rdd1 36. Re3 b5 37. Kf3 Kg6 38. a3 Rhg1 39. Kf4
Rd6 40. Ree2 Rd3 41. Rf3 Rd6 42. Rff2 Rd3 43. Rf3 Rd6 44. Rff2 Rd3 45. Rf3 1/2-1/2

[Event "Kings Tournament ROU-CHN 2014"]
[Site "Bazna ROU"]
[Date "2014.11.23"]
[Round "1.4"]
[White "Parligras, Mircea-Emilian"]
[Black "Ni, Hua"]
[Result "1/2-1/2"]
[WhiteTitle "GM"]
[BlackTitle "GM"]
[WhiteElo "2594"]
[BlackElo "2677"]
[WhiteTeam "ROU"]
[BlackTeam "CHN"]
[WhiteFideId "1204297"]
[BlackFideId "8601160"]
[EventDate "2014.11.23"]

1. d4 Nf6 2. c4 e6 3. Nf3 d5 4. Nc3 Bb4 5. Bg5 h6 6. Bxf6 Qxf6 7. Qa4+ Nc6 8. e3
O-O 9. Be2 Bd7 10. Qb3 dxc4 11. Qxc4 Qg6 12. O-O Bd6 13. a3 e5 14. Bd3 Na5 15.
Qa4 Bxa4 16. Bxg6 exd4 17. Nxa4 fxg6 18. Nxd4 Be5 19. Rac1 Bxd4 20. exd4 Nb3 21.
Rxc7 b5 22. Nc3 Nxd4 23. Rd1 Rfd8 24. Kf1 a6 25. Rb7 Nb3 26. Rbd7 Rxd7 27. Rxd7
Na5 28. a4 bxa4 29. Nxa4 Rb8 30. Ra7 Nc4 31. Rxa6 g5 32. Ke2 Nxb2 33. Nxb2 Rxb2+ 1/2-1/2

[Event "Kings Tournament ROU-CHN 2014"]
[Site "Bazna ROU"]
[Date "2014.11.24"]
[Round "2.1"]
[White "Jianu, Vlad-Cristian"]
[Black "Lu, Shanglei"]
[Result "1/2-1/2"]
[WhiteTitle "GM"]
[BlackTitle "GM"]
[WhiteElo "2588"]
[BlackElo "2566"]
[WhiteTeam "ROU"]
[BlackTeam "CHN"]
[WhiteFideId "1208110"]
[BlackFideId "8603332"]
[EventDate "2014.11.23"]

1. e4 c5 2. c3 Nf6 3. e5 Nd5 4. d4 cxd4 5. Nf3 e6 6. cxd4 d6 7. Bc4 Nc6 8. O-O
Be7 9. Qe2 O-O 10. Nc3 dxe5 11. dxe5 Nxc3 12. bxc3 b6 13. Qe4 Bb7 14. Bd3 g6 15.
Bh6 Re8 16. Rad1 Qc7 17. Qf4 Rad8 18. h4 Rd5 19. Be4 Rxd1 20. Rxd1 Rd8 21. Re1
Rd7 22. h5 Nd8 23. Bxb7 Nxb7 24. Ng5 f5 25. Qg3 Bxg5 26. Bxg5 Nc5 27. hxg6 Ne4
28. gxh7+ Rxh7 29. Qf4 Rh5 30. Bh4 Nxc3 31. f3 Nd5 32. Qa4 b5 33. Qd4 f4 34. Bf6
Qb6 35. Qxb6 axb6 36. Rc1 Kf7 37. Rc8 b4 38. Rb8 Nxf6 39. Rb7+ Kg6 40. exf6 Rb5
41. f7 Kg7 42. Kh2 Rh5+ 43. Kg1 Rb5 44. Kh2 Rh5+ 1/2-1/2

[Event "Kings Tournament ROU-CHN 2014"]
[Site "Bazna ROU"]
[Date "2014.11.24"]
[Round "2.4"]
[White "Ni, Hua"]
[Black "Nevednichy, Vladislav"]
[Result "1-0"]
[WhiteTitle "GM"]
[BlackTitle "GM"]
[WhiteElo "2677"]
[BlackElo "2563"]
[WhiteTeam "CHN"]
[BlackTeam "ROU"]
[WhiteFideId "8601160"]
[BlackFideId "1205730"]
[EventDate "2014.11.23"]

1. e4 e6 2. d4 d5 3. e5 c5 4. c3 Nc6 5. Nf3 Bd7 6. Be2 Rc8 7. O-O a6 8. Na3 cxd4
9. cxd4 Bxa3 10. bxa3 Na5 11. Rb1 Ne7 12. a4 Nc4 13. Rxb7 Bc6 14. Rb4 a5 15. Rb1
Qd7 16. Nd2 Bxa4 17. Nb3 O-O 18. Bd3 Ng6 19. Qh5 Qa7 20. Qg4 Bb5 21. Qg3 Ba6 22.
h4 a4 23. Nc5 Rxc5 24. dxc5 Rc8 25. Re1 Qxc5 26. h5 Nh8 27. Bh6 Qf8 28. Rb4 Ng6
29. hxg6 hxg6 30. Rxa4 Bb5 31. Ra7 1-0

[Event "Kings Tournament ROU-CHN 2014"]
[Site "Bazna ROU"]
[Date "2014.11.25"]
[Round "3.1"]
[White "Lu, Shanglei"]
[Black "Nevednichy, Vladislav"]
[Result "1-0"]
[WhiteTitle "GM"]
[BlackTitle "GM"]
[WhiteElo "2566"]
[BlackElo "2563"]
[WhiteTeam "CHN"]
[BlackTeam "ROU"]
[WhiteFideId "8603332"]
[BlackFideId "1205730"]
[EventDate "2014.11.23"]

1. e4 c6 2. Nc3 d5 3. Nf3 Bg4 4. h3 Bh5 5. d3 e6 6. g4 Bg6 7. h4 h6 8. Qe2 d4 9.
Nb1 e5 10. c3 dxc3 11. Nxc3 Nd7 12. h5 Bh7 13. g5 hxg5 14. Bxg5 Be7 15. Be3 Bg6
16. O-O-O Rxh5 17. Bh3 Ngf6 18. d4 exd4 19. Nxd4 Qc7 20. Bf5 Nf8 21. Qc4 Rxh1
22. Rxh1 Bd6 23. Rh8 Bxf5 24. Nxf5 g6 25. Nxd6+ Qxd6 26. Bc5 Qf4+ 27. Kb1 Nd7
28. Bxf8 O-O-O 29. Bg7 Rxh8 30. Bxh8 Qxf2 31. Bd4 Qf3 32. Bxa7 g5 33. b4 g4 34.
b5 Ne5 35. Qd4 Qd3+ 36. Qxd3 Nxd3 37. bxc6 bxc6 38. Kc2 Ne5 39. Bf2 Kb7 40. Bg3
Nf3 41. Kd3 Kb6 42. a3 f6 43. Nd1 Kb5 44. Nc3+ Kb6 45. Bf2+ Ka5 46. Ke3 Ne5 47.
Kf4 1-0

[Event "Kings Tournament ROU-CHN 2014"]
[Site "Bazna ROU"]
[Date "2014.11.25"]
[Round "3.3"]
[White "Wang, Yue"]
[Black "Parligras, Mircea-Emilian"]
[Result "1-0"]
[WhiteTitle "GM"]
[BlackTitle "GM"]
[WhiteElo "2711"]
[BlackElo "2594"]
[WhiteTeam "CHN"]
[BlackTeam "ROU"]
[WhiteFideId "8601429"]
[BlackFideId "1204297"]
[EventDate "2014.11.23"]

1. c4 e6 2. Nc3 d5 3. d4 Be7 4. Nf3 Nf6 5. g3 O-O 6. Bg2 dxc4 7. Ne5 Nc6 8. Bxc6
bxc6 9. Nxc6 Qd6 10. Qa4 Bb7 11. Nxe7+ Qxe7 12. O-O c5 13. Qa3 e5 14. Qxc5 Qe6
15. f3 Nd7 16. d5 Nxc5 17. dxe6 Nxe6 18. Rd1 Nd4 19. Kf2 Rfd8 20. Be3 Bc6 21.
Rac1 Rac8 22. Rd2 Bb5 23. Nb1 Rd7 24. Rc3 Kf8 25. Na3 Ba6 26. Nc2 Rcd8 27. Ra3
Bb5 28. Ra5 a6 29. Nb4 Rd6 30. a4 Be8 31. Rxe5 Bxa4 32. Nxa6 Rxa6 33. Rxd4 Rxd4
34. Bxd4 f6 35. Rc5 Rc6 36. Ra5 Bc2 37. h4 Rc7 38. g4 h6 39. e4 Kf7 40. Ke3 Bd1
41. Ra1 Bc2 42. Ra8 Bd1 43. Ra1 Bc2 44. Kd2 Bb3 45. Kc3 Rd7 46. Ra5 Kg6 47. Rf5
Rd6 48. e5 fxe5 49. Rxe5 Kf7 50. Ra5 Rd7 51. h5 Kg8 52. Ra8+ Kh7 53. Rf8 Rb7 54.
Kd2 Re7 55. Bc3 Ba4 56. Rc8 Bb3 57. Ra8 Rf7 58. Ke2 Bc2 59. Rc8 Ba4 60. Rc5 Kg8
61. Rc8+ Rf8 62. Rc7 Rf7 63. Rc5 Bd7 64. Ke3 Be6 65. Ra5 Bd7 66. Ra8+ Rf8 67.
Ra6 Re8+ 68. Kf2 Be6 69. Ra7 Bf7 70. Kg3 Re3 71. Rc7 Kf8 72. Rc8+ Re8 73. Rc5
Re3 74. Be5 Be6 75. Bc3 Rd3 76. Rc7 Rd7 77. Rc6 Bd5 78. Rc8+ Kf7 79. f4 Be6 80.
Kh4 Rd1 81. Rc7+ Rd7 82. Rc6 Bd5 83. Rc8 Be6 84. f5 Bd5 85. g5 hxg5+ 86. Kxg5
Rb7 87. Bd4 Re7 1-0

[Event "Kings Tournament ROU-CHN 2014"]
[Site "Bazna ROU"]
[Date "2014.11.25"]
[Round "3.4"]
[White "Jianu, Vlad-Cristian"]
[Black "Ni, Hua"]
[Result "1/2-1/2"]
[WhiteTitle "GM"]
[BlackTitle "GM"]
[WhiteElo "2588"]
[BlackElo "2677"]
[WhiteTeam "ROU"]
[BlackTeam "CHN"]
[WhiteFideId "1208110"]
[BlackFideId "8601160"]
[EventDate "2014.11.23"]

1. Nf3 Nf6 2. c4 e6 3. d4 d5 4. Nc3 Bb4 5. Qb3 c5 6. dxc5 Qa5 7. Bd2 Qxc5 8.
cxd5 Nxd5 9. Nxd5 Bxd2+ 10. Kxd2 Qxd5+ 11. Qxd5 exd5 12. e3 Ke7 13. Rc1 Nc6 14.
Bb5 Kd6 15. Rc3 Ne7 16. Rhc1 Be6 17. Nd4 Rhc8 18. Rxc8 Bxc8 19. Bd3 Bd7 20. Rc3
h6 21. h4 g5 22. Rc1 gxh4 23. Rh1 h3 24. g3 h5 25. Bf1 h4 26. gxh4 Rh8 27. Bxh3
Rxh4 28. Bg2 Rxh1 29. Bxh1 Nc6 30. Kc3 Nxd4 31. Kxd4 Be6 32. b4 b6 33. b5 f6 34.
Bf3 Bd7 35. a4 Be6 36. Bd1 Bf5 37. f3 Bc8 38. Bb3 Bb7 39. Ba2 Ba8 40. Bb3 Bb7
41. Ba2 Ba8 42. Bb1 Bb7 43. Bf5 a6 44. Bg4 axb5 45. axb5 Ke7 46. Bh5 Ba8 47. Bg4
Bb7 48. Bf5 Kd6 49. f4 Ke7 50. Bh7 Kf7 51. Bb1 Ke6 52. Bh7 Kf7 53. Bf5 Ke7 54.
Bg6 Ba8 55. Bh7 Kf7 56. Bf5 Ke7 57. Bh7 Kf7 58. Bf5 Ke7 59. Bh7 Kf7 1/2-1/2

[Event "Kings Tournament ROU-CHN 2014"]
[Site "Bazna ROU"]
[Date "2014.11.26"]
[Round "4.1"]
[White "Parligras, Mircea-Emilian"]
[Black "Lu, Shanglei"]
[Result "0-1"]
[WhiteTitle "GM"]
[BlackTitle "GM"]
[WhiteElo "2594"]
[BlackElo "2566"]
[WhiteTeam "ROU"]
[BlackTeam "CHN"]
[WhiteFideId "1204297"]
[BlackFideId "8603332"]
[EventDate "2014.11.23"]

1. d4 f5 2. c4 Nf6 3. Nc3 g6 4. Nf3 Bg7 5. Bf4 d6 6. e3 O-O 7. c5 h6 8. h3 Be6
9. cxd6 cxd6 10. Qa4 Nbd7 11. Bc4 Bxc4 12. Qxc4+ Kh7 13. O-O Rc8 14. Qe2 Nb6 15.
Bh2 Qd7 16. e4 fxe4 17. Nxe4 Nbd5 18. Rac1 Rxc1 19. Rxc1 Rc8 20. Nxf6+ Bxf6 21.
Rxc8 Qxc8 22. Bg3 Qf5 23. Qb5 Ne3 24. Qe2 Qb1+ 25. Ne1 Nf5 26. Kh2 Nxd4 27. Qd2
Qxa2 28. Bf4 Ne6 0-1

[Event "Kings Tournament ROU-CHN 2014"]
[Site "Bazna ROU"]
[Date "2014.11.26"]
[Round "4.4"]
[White "Ni, Hua"]
[Black "Lupulescu, Constantin"]
[Result "1-0"]
[WhiteTitle "GM"]
[BlackTitle "GM"]
[WhiteElo "2677"]
[BlackElo "2643"]
[WhiteTeam "CHN"]
[BlackTeam "ROU"]
[WhiteFideId "8601160"]
[BlackFideId "1207822"]
[EventDate "2014.11.23"]

1. e4 e5 2. Nf3 Nc6 3. Bb5 Nf6 4. O-O Nxe4 5. d4 Nd6 6. Bxc6 dxc6 7. dxe5 Nf5 8.
Qxd8+ Kxd8 9. Rd1+ Ke8 10. Nc3 Ne7 11. h3 Ng6 12. b3 b6 13. Ne2 Bb7 14. Nf4 Nxf4
15. Bxf4 c5 16. e6 Bxf3 17. exf7+ Kxf7 18. gxf3 Bd6 19. Bxd6 cxd6 20. Rxd6 Rhd8
21. Rad1 Rxd6 22. Rxd6 Ke7 23. Rd2 c4 24. Kg2 cxb3 25. cxb3 Rc8 26. Kg3 Rc5 27.
Kg4 Ra5 28. Re2+ Kd7 29. f4 g6 30. a4 Kd6 31. Re8 Rf5 32. b4 a5 33. b5 Rc5 34.
Rd8+ Kc7 35. Rd4 Kc8 36. h4 Kc7 37. Kf3 Rc3+ 38. Ke4 Rc5 39. f3 Rh5 40. Rc4+ Kb7
41. Rc6 Rxh4 42. Rf6 Kc7 43. Kd5 Rh5+ 44. Ke6 Rc5 45. Rf7+ Kc8 46. Rxh7 Rc4 47.
Rf7 Rxa4 48. Kd5 Ra1 49. Kc6 Kd8 50. Kxb6 a4 51. Ra7 a3 52. Kb7 Rb1 53. b6 Rb3
54. Ra6 Kd7 55. Ka8 Kc8 56. Ka7 Kd7 57. Kb7 Kd8 58. Kb8 a2 59. b7 Rb2 60. Ra7 1-0